| 000 | 00536nam a2200229Ia 4500 | ||
|---|---|---|---|
| 003 | 0100 | ||
| 008 | 130303s9999 xx 000 0 und d | ||
| 020 | _a0822008890 | ||
| 040 | _cARRUPELIB | ||
| 050 | _aB430.A4M58 1966 | ||
| 100 | _aMilch, Robert | ||
| 245 | _aAristotle's Nicomachean ethics | ||
| 245 | _bnotes | ||
| 260 | _aLincoln, Nabraska | ||
| 260 | _bCliffs Notes Incorporated | ||
| 260 | _C1966 | ||
| 300 | _a106p. | ||
| 300 | _b 21 cm. | ||
| 650 | _aPHILOSOPHY | ||
| 700 | _aPatterson, Charles | ||
| 942 | 0 | 0 | _024 |
| 999 |
_c38649 _d38649 |
||